000 00264nam a2200109Ia 4500
008 200302s9999 xx 000 0 und d
100 _aRobyn Beaver
245 _aStudio Downie Architects
260 _bImages Publishing, Austraila
260 _c2006
300 _a124 P
999 _c4873
_d4873